01356cam a2200325 a 45000010008000000030009000080050017000170080041000340100017000750200018000920200015001100350024001250350021001490350017001700400023001870420008002100500026002180820017002441000028002612450188002892460083004772500011005602600049005713000021006205000138006415040041007796500067008207000036008877110107009239251480ZXMCNFGD20220326193251.0110811s2011 mx b 100 0 spa  a 2011481694 a9789968536257 a9968536253 a(OCoLC)ocn759992538 a(OCoLC)759992538 a(NNC)9251480 aDLCbengcDLCdIQU apcc00aPQ7082.P7bP6624 2011 a861.44bE56m aCorrales Arias, Adriano00aPoesía del encuentro :bmemoria del VIII Encuentro Internacional de Escritores Eunice Odio in memoriam, San José, Costa Rica, marzo del 2011 /cAdriano Corrales Arias, compilador.30aMemoria del VIII Encuentro Internacional de Escritores Eunice Odio in memoriam a1. ed. a[San José, Costa Rica] :bArboleda,c2011. a143 p. ;c21 cm. aSelection of poems presented during the 8th Encuentro Internacional de Escritores Eunice Odio in memoriam, in San José, Costa Rica. aIncludes bibliographical references. 0aSpanish American poetryy21st centuryvCongresses.zCosta Rica1 aCorrales Arias, Adriano,d1958-2 aEncuentro Internacional de Escritores Eunice Odio in memoriamn(8th :d2011 :cSan José, Costa Rica)